Cooperativas rurales, política clientelista y cambio social / (Registro nro. 7829)
[ vista simple ]
| 000 -LEADER | |
|---|---|
| fixed length control field | 01994nam a2200241Ia 4500 |
| 003 - CONTROL NUMBER IDENTIFIER | |
| control field | OSt |
| 005 - DATE AND TIME OF LATEST TRANSACTION | |
| control field | 20210506095245.0 |
| 008 - FIXED-LENGTH DATA ELEMENTS--GENERAL INFORMATION | |
| fixed length control field | 210310s1977 ck gr 000 0 spa d |
| 040 ## - CATALOGING SOURCE | |
| Original cataloging agency | CO-JMCR |
| Transcribing agency | CO-JMCR |
| 041 0# - LANGUAGE CODE | |
| Language code of text/sound track or separate title | spa |
| 082 04 - DEWEY DECIMAL CLASSIFICATION NUMBER | |
| Classification number | 334.6 / |
| Item number | S943c |
| Edition number | 23 |
| 100 1# - MAIN ENTRY--PERSONAL NAME | |
| Personal name | Sudarsky Rosenbaum, John, |
| 9 (RLIN) | 12816 |
| Relator term | autor |
| 245 10 - TITLE STATEMENT | |
| Title | Cooperativas rurales, política clientelista y cambio social / |
| Statement of responsibility, etc. | John Sudarsky |
| 260 ## - PUBLICATION, DISTRIBUTION, ETC. | |
| Place of publication, distribution, etc. | Bogotá : |
| Name of publisher, distributor, etc. | Andina Editores, |
| Date of publication, distribution, etc. | 1977 |
| 300 ## - PHYSICAL DESCRIPTION | |
| Extent | xvii, 92 páginas ; |
| Dimensions | 22 cm. |
| 500 ## - GENERAL NOTE | |
| General note | Incluye notas a pie de página. |
| 504 ## - BIBLIOGRAPHY, ETC. NOTE | |
| Bibliography, etc. note | Bibliografía: páginas 87-91 |
| 505 0# - FORMATTED CONTENTS NOTE | |
| Formatted contents note | Variedad de cooperativas y su uso potencial como mecanismo para el desarrollo rural -- Obstáculos para el desarrollo de cooperativas en sociedades neo-patrimoniales -- Una teoría de intervención para el desarrollo cooperativo -- Variedades de intervenciones y lecciones de experiencias -- Reflexiones finales |
| 520 3# - SUMMARY, ETC. | |
| Summary, etc. | En este trabajo se busca estudiar el uso potencial de las cooperativas como instituciones para el desarrollo rural, los obstáculos que encuentran en países en desarrollo especialmente en Latin-América, y las lecciones que se pueden aprender de las estrategias utilizadas en otras naciones para su creación. Se hace énfasis en los aspectos soci-políticos, culturales y administrativos. Dos obstáculos principales se analizan: la carencia de continuidad de las políticas gubernamentales y la carencia de acceso autónomo del campesinado al Centro. Aún así se considera que las cooperativas continúan siendo usadas por planeadores y diseñadores de programas ya que, cuando se comparan con otras formas de ordenamiento del campo, ellas siguen siendo unas de las pocas alternativas que permiten aumentar la participación, modernización e integración del campesinado de forma más equitativa y manteniendo niveles semejantes de productividad agrícola. |
| 650 14 - SUBJECT ADDED ENTRY--TOPICAL TERM | |
| Topical term or geographic name entry element | Cooperativas rurales |
| 9 (RLIN) | 15574 |
| 650 24 - SUBJECT ADDED ENTRY--TOPICAL TERM | |
| Topical term or geographic name entry element | Cooperativismo |
| 9 (RLIN) | 37474 |
| 942 ## - ADDED ENTRY ELEMENTS (KOHA) | |
| Source of classification or shelving scheme | Dewey Decimal Classification |
| Koha item type | Books |
| Withdrawn status | Lost status | Source of classification or shelving scheme | Damaged status | Not for loan | Collection code | Home library | Current library | Date acquired | Source of acquisition | Full call number | Barcode | Date last seen | Copy number | Koha item type |
|---|---|---|---|---|---|---|---|---|---|---|---|---|---|---|
| Dewey Decimal Classification | Non-fiction | Biblioteca Pública José María del Castillo y Rada | Biblioteca Pública José María del Castillo y Rada | 04/15/2018 | Donación | 334.6 / S943c | 430003734 | 05/16/2024 | Ej.1 | Books |